000 00664nam a22001937a 4500
005 20100811141053.0
010 _aENG-99581
020 _c70.00
035 _aEN-83113
037 _bDBAD/PUB
082 _a921
245 _aWorld famous scientists lives and discoveries /
_cretold by Kolar Krishna Iyer
260 _aVijayawada
_bNavaratna Book House
_c2008
270 _a28-22-20 Rahiman St., Arundalpet
_bVijjayawada
_e520002
300 _a167p
_bill
_c21cm(pbk)
700 _aIyer,Kolar Krishna
_910998
942 _2ddc
_cEN
_h921
_mWOR
999 _c40998
_d40998